000 00744nam a2200265Ia 4500
003 OSt
005 20220928124538.0
006 a|||||r|||| 00| 0
007 ta
008 220927b |||||||| |||| 00| 0 hin d
020 _cINR 500.00
024 _a135093
037 _b376, 10/03/2017, Vidyanidhi Prakashan
_cTextual
040 _aSDCL
_cSDCL
_bhin
041 _2hin
_ahin
082 _aV2, Q4
100 _aKamboj Jiyalal
245 0 _aPrachin kamboj jan aur janpad
250 _a2nd
260 _aDelhi
_bBhagirathi Prakashan
_c2016
300 _axvi,360p.
_ccm.
650 _aSanskrit
_9391587
942 _hV2, Q4
_cTEXL
_2CC
999 _c779052
_d779052